|
|
|
|
| LEADER |
00734nam a22001817a 4500 |
| 082 |
|
|
|a 894.M3
|b RAJ25/B N6
|
| 100 |
|
|
|a തോട്ടം രാജശേഖരന്;
|9 17199
|
| 100 |
|
|
|a Thottam Rajasekharan
|9 17200
|
| 240 |
|
|
|a Bodhi
|
| 245 |
|
|
|a ബോധി
|
| 250 |
|
|
|a 1st
|
| 260 |
|
|
|a Calicut;
|b Mathrubhumi Printing & Publishing Co.Ltd.;
|c 1996
|
| 300 |
|
|
|a xx;393p.
|
| 650 |
|
|
|a മലയാളം; മലയാളം നോവല്
|9 17201
|
| 650 |
|
|
|a Malayalam; Malayalam Novel; Literature; Malayalam Fiction
|9 17202
|
| 942 |
|
|
|c BK
|
| 999 |
|
|
|c 33821
|d 33821
|
| 952 |
|
|
|0 0
|1 0
|4 0
|6 894_000000000000000_M3_RAJ_B_N6
|7 0
|8 NOVET
|9 37494
|a MAL
|b MAL
|d 2015-05-18
|e 42834
|g 130.00
|l 0
|o 894.M3 RAJ/B N6
|p MAL042834
|r 2015-05-18
|t 1
|w 2015-05-18
|y BK
|